[Event "77 España ch 2012"]
[Site "Maspalomas ESP"]
[Date "2012.10.04"]
[Round "6.16"]
[White "Lopez Gracia, Fernando"]
[Black "Menvielle Laccourreye, Augusto"]
[Result "1-0"]
[WhiteElo "2382"]
[BlackElo "2133"]
[PlyCount "45"]
[EventDate "2012.09.29"]
[EventType "swiss"]
[EventRounds "9"]
[EventCountry "ESP"]
[Source "lmi"]
[SourceDate "2012.09.29"]

1. Nf3 f5 2. c4 Nf6 3. g3 d6 4. d4 g6 5. Bg2 Bg7 6. b3 O-O 7. Bb2 e6 8. O-O Qe7
9. Nc3 Ne4 10. Qd3 Nxc3 11. Bxc3 Nc6 12. e4 e5 13. dxe5 dxe5 14. exf5 Bxf5 15.
Qe3 Rfe8 16. Ng5 Nd8 17. Rfe1 h6 18. Bd5+ Kh8 19. Nf3 c6 20. Nxe5 Kh7 21. Be4
Bxe5 22. Bxf5 Bxc3 23. Bxg6+ 1-0

[Event "77 España ch 2012"]
[Site "Maspalomas ESP"]
[Date "2012.10.04"]
[Round "6.17"]
[White "Henriquez Garcia, David"]
[Black "Camarena Gimenez, Rufino"]
[Result "1-0"]
[WhiteElo "1993"]
[BlackElo "2393"]
[PlyCount "67"]
[EventDate "2012.09.29"]
[EventType "swiss"]
[EventRounds "9"]
[EventCountry "ESP"]
[Source "lmi"]
[SourceDate "2012.09.29"]

1. e4 e6 2. d4 d5 3. e5 c5 4. dxc5 Nc6 5. Nf3 Bxc5 6. Bd3 f6 7. Qe2 fxe5 8.
Nxe5 Nxe5 9. Qxe5 Nf6 10. Bb5+ Kf7 11. O-O Rf8 12. Bf4 Kg8 13. Bd3 Qb6 14. Nc3
Ng4 15. Qh5 Bxf2+ 16. Kh1 Nf6 17. Qf3 Bd4 18. Na4 Qc6 19. c3 e5 20. cxd4 exf4
21. Nc3 g5 22. Rac1 Bg4 23. Qf2 Rac8 24. h3 Be6 25. g4 Kg7 26. Rfe1 h5 27. Re5
Kh6 28. Rce1 Bxg4 29. h4 Nh7 30. Re7 Rh8 31. Bxh7 Rxh7 32. hxg5+ Kg6 33. Qxf4
Rc7 34. R1e6+ 1-0

[Event "77 España ch 2012"]
[Site "Maspalomas ESP"]
[Date "2012.10.04"]
[Round "6.18"]
[White "Garcia Garcia, Adrian Antonio"]
[Black "Ladron De Guevara Pinto, Paolo"]
[Result "0-1"]
[WhiteElo "1978"]
[BlackElo "2378"]
[PlyCount "116"]
[EventDate "2012.09.29"]
[EventType "swiss"]
[EventRounds "9"]
[EventCountry "ESP"]
[Source "lmi"]
[SourceDate "2012.09.29"]

1. e4 e6 2. d4 d5 3. exd5 exd5 4. Nf3 Nc6 5. Bb5 Bd6 6. c4 Qe7+ 7. Be3 Bb4+ 8.
Nc3 Nf6 9. O-O Bxc3 10. bxc3 O-O 11. Bg5 a6 12. Bxc6 bxc6 13. Re1 Be6 14. Ne5
dxc4 15. Qf3 Bd5 16. Qg3 Rfe8 17. f3 Qd6 18. Bxf6 Qxf6 19. Nd7 Qd6 20. Qxd6
cxd6 21. Nb6 Rxe1+ 22. Rxe1 Rb8 23. a4 Be6 24. a5 g6 25. g4 Kg7 26. g5 h6 27.
gxh6+ Kxh6 28. Kg2 Kg5 29. Kg3 Rh8 30. f4+ Kf6 31. h4 Rh5 32. d5 Bxd5 33. Nd7+
Kg7 34. Nb8 Be6 35. Ra1 Bc8 36. Nxc6 Bb7 37. Nd4 Be4 38. Ra4 Rc5 39. Kf2 d5 40.
Kg3 Kf6 41. Ra2 Bf5 42. Ra4 Bd7 43. Ra2 Ke7 44. f5 Bxf5 45. Nxf5+ gxf5 46. h5
Kf6 47. Kf4 d4 48. cxd4 Rd5 49. Ke3 Kg5 50. Ra4 Kxh5 51. Rxc4 Kg4 52. Rc5 f4+
53. Ke4 Rd8 54. d5 f3 55. Rc6 Re8+ 56. Kd4 f5 57. Rg6+ Kf4 58. Re6 Rd8 0-1

[Event "77 España ch 2012"]
[Site "Maspalomas ESP"]
[Date "2012.10.04"]
[Round "6.19"]
[White "Vega Gutierrez, Sabrina"]
[Black "Perez Barreto, Adrian"]
[Result "1-0"]
[WhiteElo "2364"]
[BlackElo "1966"]
[PlyCount "55"]
[EventDate "2012.09.29"]
[EventType "swiss"]
[EventRounds "9"]
[EventCountry "ESP"]
[Source "lmi"]
[SourceDate "2012.09.29"]

1. e4 e6 2. Nf3 d5 3. Nc3 Nf6 4. e5 Nfd7 5. d4 c5 6. dxc5 Bxc5 7. Bd3 Nc6 8.
Bf4 f6 9. exf6 Nxf6 10. Qe2 O-O 11. O-O-O a6 12. Ne5 Nd4 13. Qd2 Nb5 14. Na4
Bd6 15. Rhe1 Ng4 16. Bg5 Nf6 17. Ng4 Be7 18. Nxf6+ Bxf6 19. Bxf6 Rxf6 20. c4
Qc7 21. Qc2 dxc4 22. Bxh7+ Kh8 23. Re4 Nd6 24. Rh4 Rh6 25. Rxh6 gxh6 26. Qg6
Qxh7 27. Qxh7+ Kxh7 28. Nb6 1-0

[Event "77 España ch 2012"]
[Site "Maspalomas ESP"]
[Date "2012.10.04"]
[Round "6.20"]
[White "De La Hoz Sanchez, Ruben"]
[Black "Menendez Rey, Francisco Javier"]
[Result "1/2-1/2"]
[WhiteElo "1973"]
[BlackElo "2229"]
[PlyCount "147"]
[EventDate "2012.09.29"]
[EventType "swiss"]
[EventRounds "9"]
[EventCountry "ESP"]
[Source "lmi"]
[SourceDate "2012.09.29"]

1. e4 e6 2. d4 d5 3. e5 c5 4. c3 Nc6 5. Nf3 Nh6 6. Bd3 cxd4 7. cxd4 f6 8. O-O
Nf7 9. Re1 fxe5 10. Nxe5 Ncxe5 11. dxe5 g6 12. Nc3 Bg7 13. f4 O-O 14. b3 a6 15.
Qe2 b5 16. Bb2 Nh6 17. g3 Nf5 18. Nd1 Bb7 19. Ne3 Qb6 20. Qf2 Nd4 21. Bxd4 Qxd4
22. Rad1 Qb6 23. Nc2 Qxf2+ 24. Kxf2 g5 25. Nd4 Bc8 26. Ke3 Ra7 27. Rg1 Raf7 28.
Rdf1 Bh6 29. Nf3 gxf4+ 30. gxf4+ Kh8 31. Ng5 d4+ 32. Kxd4 Rxf4+ 33. Rxf4 Rxf4+
34. Kc5 Bg7 35. Re1 h6 36. Nh3 Rf3 37. Bf1 Rc3+ 38. Kb6 Bf8 39. Rd1 Bc5+ 40.
Ka5 Be7 41. Nf4 Kg7 42. Bh3 Rc7 43. Nxe6+ Bxe6 44. Bxe6 Rc2 45. Kb6 Rxh2 46.
Rg1+ Bg5 47. Re1 Rxa2 48. Bc8 Bd8+ 49. Kc6 Kf7 50. Rf1+ Ke7 51. Rh1 Rc2+ 52.
Kb7 Rc7+ 53. Kb8 Rc3 54. Rxh6 Rxb3 55. Rh7+ Kf8 56. e6 Re3 57. Rf7+ Kg8 58. Ra7
a5 59. Rd7 Bg5 60. Rd1 Bf4+ 61. Kb7 Re5 62. Rd4 Bg5 63. Kc6 Be7 64. Kd7 Bc5 65.
Rf4 b4 66. Ba6 a4 67. Bc4 Kh8 68. Ke8 Kg7 69. Rf7+ Kh6 70. Rc7 b3 71. Kf7 Kg5
72. Rb7 Kf4 73. Bxb3 axb3 74. Rxb3 1/2-1/2

[Event "77 España ch 2012"]
[Site "Maspalomas ESP"]
[Date "2012.10.04"]
[Round "6.21"]
[White "Angel Acosta, Juan Carlos"]
[Black "Alarcon Olmos, Daniel"]
[Result "0-1"]
[WhiteElo "2225"]
[BlackElo "1901"]
[PlyCount "68"]
[EventDate "2012.09.29"]
[EventType "swiss"]
[EventRounds "9"]
[EventCountry "ESP"]
[Source "lmi"]
[SourceDate "2012.09.29"]

1. d4 g6 2. Nf3 Bg7 3. g3 d6 4. Bg2 Nc6 5. d5 Na5 6. O-O c5 7. e4 Nf6 8. Nc3
O-O 9. Re1 Bg4 10. h3 Bxf3 11. Qxf3 Nd7 12. Qe2 Rb8 13. h4 a6 14. h5 b5 15.
hxg6 hxg6 16. Nd1 Nc4 17. c3 Ncb6 18. Ne3 c4 19. Ng4 Nc5 20. Bh6 Nd3 21. Bxg7
Kxg7 22. Reb1 Na4 23. Qd2 Rh8 24. b3 Qc8 25. bxa4 Qxg4 26. axb5 axb5 27. Qe3
Qd7 28. Bf1 Ne5 29. Rb2 Rhc8 30. Bg2 Rh8 31. f4 Nd3 32. Rc2 Qg4 33. Rf1 Qh5 34.
Rf3 Qh2+ 0-1

[Event "77 España ch 2012"]
[Site "Maspalomas ESP"]
[Date "2012.10.04"]
[Round "6.22"]
[White "Zamarbide Inarrea, Daniel"]
[Black "Perez Castellano, Susana"]
[Result "1-0"]
[WhiteElo "2192"]
[BlackElo "1876"]
[PlyCount "91"]
[EventDate "2012.09.29"]
[EventType "swiss"]
[EventRounds "9"]
[EventCountry "ESP"]
[Source "lmi"]
[SourceDate "2012.09.29"]

1. a3 e5 2. c4 Nf6 3. Nc3 b6 4. d3 d5 5. cxd5 Nxd5 6. Qa4+ c6 7. Nf3 Nxc3 8.
bxc3 Bd6 9. g3 O-O 10. Bg2 Bb7 11. O-O c5 12. Qb3 Nc6 13. Nd2 Na5 14. Qa2 Bxg2
15. Kxg2 Be7 16. a4 Qd7 17. Kg1 Kh8 18. Nc4 Nxc4 19. Qxc4 f5 20. Kg2 f4 21. f3
Rf6 22. gxf4 Rg6+ 23. Kh1 Qh3 24. Rg1 Rxg1+ 25. Kxg1 Bf6 26. fxe5 Bxe5 27. Bf4
Re8 28. Qf7 Qe6 29. Qxe6 Rxe6 30. Bxe5 Rxe5 31. e4 Kg8 32. Rb1 Kf7 33. a5 Re6
34. axb6 axb6 35. d4 cxd4 36. cxd4 Kf6 37. d5 Rd6 38. f4 Ke7 39. Kf2 Rf6 40.
Ke3 Rh6 41. Rb2 Rh3+ 42. Kd4 Rh4 43. Rxb6 Rxf4 44. Ke5 Rf2 45. Rb7+ Ke8 46. h4
1-0

[Event "77 España ch 2012"]
[Site "Maspalomas ESP"]
[Date "2012.10.04"]
[Round "6.23"]
[White "Marrero Cardenes, Agustin"]
[Black "Perez Aleman, Pedro Tomas"]
[Result "0-1"]
[WhiteElo "1937"]
[BlackElo "2110"]
[PlyCount "92"]
[EventDate "2012.09.29"]
[EventType "swiss"]
[EventRounds "9"]
[EventCountry "ESP"]
[Source "lmi"]
[SourceDate "2012.09.29"]

1. d4 Nf6 2. Nf3 g6 3. g3 Bg7 4. Bg2 O-O 5. O-O d5 6. b3 a5 7. c4 c6 8. Nc3 Bf5
9. Bb2 Ne4 10. Nh4 Nxc3 11. Bxc3 Be6 12. Qd3 Na6 13. cxd5 cxd5 14. f4 Nc7 15.
a4 Bd7 16. Qd2 b6 17. Nf3 Bf5 18. Ne5 Be4 19. Bb2 Bxe5 20. fxe5 Bxg2 21. Kxg2
Ne6 22. Rf3 Rc8 23. g4 Rc6 24. h4 Qc8 25. Rc1 Rxc1 26. Bxc1 Nxd4 27. Qxd4 Qxc1
28. Qxd5 Qe1 29. Rf2 Qb4 30. Kg3 Qc3+ 31. Kg2 e6 32. Qb5 Qd4 33. Kg3 Rc8 34.
Rf3 Qg1+ 35. Kh3 Qh1+ 36. Kg3 Qg1+ 37. Kh3 Qd4 38. Kg3 Kg7 39. g5 Rc1 40. Qe8
Qxe5+ 41. Kf2 Qd4+ 42. Kg3 Qe5+ 43. Kg4 Rg1+ 44. Kh3 Rh1+ 45. Kg4 Qe4+ 46. Kg3
Qxh4+ 0-1

[Event "77 España ch 2012"]
[Site "Maspalomas ESP"]
[Date "2012.10.04"]
[Round "6.24"]
[White "Ramirez Medina, Victor"]
[Black "Lopez Colon, Francisco"]
[Result "1-0"]
[WhiteElo "1875"]
[BlackElo "2093"]
[PlyCount "87"]
[EventDate "2012.09.29"]
[EventType "swiss"]
[EventRounds "9"]
[EventCountry "ESP"]
[Source "lmi"]
[SourceDate "2012.09.29"]

1. e4 d6 2. d4 Nf6 3. Nc3 g6 4. f4 Bg7 5. Nf3 O-O 6. Bd3 Na6 7. O-O c5 8. d5
Bg4 9. Bc4 Nc7 10. h3 Bxf3 11. Qxf3 e6 12. dxe6 fxe6 13. Rd1 Qe7 14. Be3 b6 15.
a4 Kh8 16. a5 d5 17. exd5 exd5 18. Nxd5 Ncxd5 19. Bxd5 Nxd5 20. Rxd5 Bxb2 21.
Rb1 Qf6 22. Rd7 Rfd8 23. Rbd1 Rab8 24. Rxa7 Bd4 25. Kh2 bxa5 26. c3 Bxe3 27.
Rxd8+ Rxd8 28. Qxe3 Rc8 29. Rxa5 c4 30. Qe5 Qxe5 31. fxe5 Rf8 32. Rc5 Rf4 33.
Kg3 g5 34. e6 Re4 35. Kf3 Rxe6 36. Rxg5 Rc6 37. Ke4 Rd6 38. Rd5 Rf6 39. Kd4 Rf2
40. Rg5 h6 41. Rg4 h5 42. Rg5 Rf4+ 43. Kd5 Rh4 44. Re5 1-0

[Event "77 España ch 2012"]
[Site "Maspalomas ESP"]
[Date "2012.10.04"]
[Round "6.25"]
[White "Lopez Rivera, Jesus"]
[Black "Suarez Gomez, Julio"]
[Result "0-1"]
[WhiteElo "1839"]
[BlackElo "2065"]
[PlyCount "58"]
[EventDate "2012.09.29"]
[EventType "swiss"]
[EventRounds "9"]
[EventCountry "ESP"]
[Source "lmi"]
[SourceDate "2012.09.29"]

1. e4 e6 2. d4 d5 3. Nc3 Bb4 4. exd5 exd5 5. Bd3 Nc6 6. a3 Bxc3+ 7. bxc3 Nge7
8. Qh5 Be6 9. Nh3 Qd7 10. Ng5 g6 11. Qf3 h6 12. Qf6 O-O-O 13. Nf3 Nf5 14. Bf4
g5 15. Ne5 Nxe5 16. Bxe5 Rhg8 17. Bxf5 Bxf5 18. Qxh6 f6 19. g4 Be4 20. f3 Bxf3
21. Rf1 Qxg4 22. Qxf6 Qe4+ 23. Kd2 Qe2+ 24. Kc1 Qxf1+ 25. Kb2 Qb5+ 26. Ka2 Be2
27. Rb1 Bc4+ 28. Ka1 Qa6 29. Qe7 Rd7 0-1

[Event "77 España ch 2012"]
[Site "Maspalomas ESP"]
[Date "2012.10.04"]
[Round "6.26"]
[White "Alonso Valiente, Alexis"]
[Black "Gonzalez Perez, Cristina"]
[Result "1-0"]
[WhiteElo "2049"]
[BlackElo "1802"]
[PlyCount "89"]
[EventDate "2012.09.29"]
[EventType "swiss"]
[EventRounds "9"]
[EventCountry "ESP"]
[Source "lmi"]
[SourceDate "2012.09.29"]

1. d4 d5 2. Nf3 Nf6 3. Bf4 e6 4. e3 Bd6 5. Bg3 O-O 6. Bd3 b6 7. Qe2 a5 8. Nbd2
Ba6 9. c4 c5 10. O-O Bxg3 11. hxg3 cxd4 12. exd4 Nc6 13. Rfd1 Nb4 14. b3 Rc8
15. Rdc1 Qd6 16. a3 Nxd3 17. Qxd3 Rfd8 18. Qe3 Bb7 19. c5 Qc7 20. b4 Bc6 21.
Ra2 axb4 22. axb4 Bb5 23. Rac2 bxc5 24. dxc5 Ba4 25. Ra2 Bb5 26. Nc4 Qb8 27.
Ra5 Be8 28. Qa3 e5 29. Ng5 Rc7 30. Nf3 g6 31. Nd6 Re7 32. b5 Ne4 33. Nxe8 Rexe8
34. c6 Qb6 35. Qa2 Nxf2 36. Qxf2 Qxa5 37. c7 Rc8 38. b6 d4 39. Ng5 f5 40. Qb2
Rf8 41. Kh2 f4 42. g4 h6 43. b7 hxg5 44. b8=Q Kg7 45. Q8b5 1-0

[Event "77 España ch 2012"]
[Site "Maspalomas ESP"]
[Date "2012.10.04"]
[Round "6.27"]
[White "Gonzalez Intelangelo, Gerardo"]
[Black "Cruz Ramirez, Nauzet"]
[Result "1-0"]
[WhiteElo "2010"]
[BlackElo "1760"]
[PlyCount "101"]
[EventDate "2012.09.29"]
[EventType "swiss"]
[EventRounds "9"]
[EventCountry "ESP"]
[Source "lmi"]
[SourceDate "2012.09.29"]

1. c4 c5 2. Nc3 Nf6 3. g3 e6 4. Nf3 b6 5. Bg2 Bb7 6. O-O Be7 7. d4 cxd4 8. Qxd4
Nc6 9. Qd1 O-O 10. b3 a6 11. Bb2 Rc8 12. Rc1 Qc7 13. e4 d6 14. Re1 Rfd8 15. h3
Nd7 16. Nd5 exd5 17. cxd5 Qb8 18. dxc6 Bxc6 19. Nd4 Bb7 20. Nf5 Bf6 21. Bxf6
Nxf6 22. Ne7+ Kh8 23. Nxc8 Bxc8 24. Qd4 h6 25. Rc6 Bb7 26. Rxb6 Qc7 27. Qb4 Rd7
28. Rd1 Qc2 29. Rdxd6 Qb1+ 30. Kh2 Rxd6 31. Rxd6 Bxe4 32. Rd8+ Kh7 33. Bxe4+
Nxe4 34. Qd4 Qc2 35. Kg2 Qc6 36. Qd5 Qg6 37. Rf8 Nd6 38. Rd8 Ne4 39. b4 Nc3 40.
Qd3 Nxa2 41. Qxg6+ Kxg6 42. Rd4 Kf6 43. Kf3 Ke5 44. Ke3 Nc3 45. f4+ Ke6 46. Kd3
Nb5 47. Re4+ Kd6 48. Re1 f6 49. Ra1 Nc7 50. Kc4 Kc6 51. Rxa6+ 1-0

[Event "77 España ch 2012"]
[Site "Maspalomas ESP"]
[Date "2012.10.04"]
[Round "6.28"]
[White "Gonzalez Armas, Dinia"]
[Black "Camino Carrio, Nicanor"]
[Result "0-1"]
[WhiteElo "1696"]
[BlackElo "1994"]
[PlyCount "96"]
[EventDate "2012.09.29"]
[EventType "swiss"]
[EventRounds "9"]
[EventCountry "ESP"]
[Source "lmi"]
[SourceDate "2012.09.29"]

1. e4 c5 2. c3 d6 3. d4 Nf6 4. Bd3 g6 5. h3 Bg7 6. Nf3 O-O 7. O-O Nc6 8. Qd2 e5
9. d5 Ne7 10. Nh2 Nh5 11. Bc2 Nf4 12. Qd1 f5 13. c4 fxe4 14. Bxe4 Nf5 15. Nf3
Nh4 16. Ne1 Qg5 17. Kh2 Qh6 18. Nc3 g5 19. Qc2 g4 20. Ne2 Nf5 21. Nd3 Nd4 22.
Nxd4 cxd4 23. a4 Qh4 24. Ra3 Bd7 25. b4 Qh5 26. c5 Nxh3 27. gxh3 Qxh3+ 28. Kg1
g3 29. f3 Rf6 30. Qg2 Qh4 31. f4 Bh3 32. Qh2 Raf8 33. f5 Rh6 34. Ne1 Bxf1 35.
Qxh4 Rxh4 36. Rxg3 Rxe4 37. Bh6 Rf7 38. cxd6 Bh3 39. Bxg7 Bxf5 40. Bh6+ Rg4 41.
Rxg4+ Bxg4 42. Bg5 e4 43. Nc2 Rg7 44. Be7 d3 45. Ne3 Bd7+ 46. Kf2 Bxa4 47. Nc4
Kf7 48. Ke3 Rg2 0-1

[Event "77 España ch 2012"]
[Site "Maspalomas ESP"]
[Date "2012.10.04"]
[Round "6.29"]
[White "De Prado Rodriguez, Oscar Brun"]
[Black "Quiza Vazquez, Carolina"]
[Result "1-0"]
[WhiteElo "2283"]
[BlackElo "1655"]
[PlyCount "99"]
[EventDate "2012.09.29"]
[EventType "swiss"]
[EventRounds "9"]
[EventCountry "ESP"]
[Source "lmi"]
[SourceDate "2012.09.29"]

1. d4 Nf6 2. Bg5 e6 3. Nd2 Be7 4. e3 b6 5. Bd3 Bb7 6. Ngf3 d6 7. Qe2 Nc6 8. c3
Qd7 9. e4 h6 10. Bh4 g5 11. Bg3 Nh5 12. O-O-O O-O-O 13. Bb5 Nxg3 14. hxg3 g4
15. Ne1 d5 16. Qxg4 dxe4 17. Qxe4 a6 18. Ba4 b5 19. Bb3 Na5 20. Qe3 Nxb3+ 21.
Nxb3 Bg5 22. f4 Be7 23. Nf3 Bxf3 24. Qxf3 Qd5 25. Rh5 Qxf3 26. gxf3 Rdg8 27. g4
Bd6 28. f5 Rg5 29. Rdh1 exf5 30. Rxg5 Bf4+ 31. Kc2 Bxg5 32. gxf5 Re8 33. Nc5
Re2+ 34. Kb3 a5 35. a4 bxa4+ 36. Nxa4 Kb7 37. Nc5+ Kc6 38. Ra1 Kb6 39. Kc4 c6
40. Nd7+ Kc7 41. Ne5 f6 42. Nd3 Rh2 43. Rxa5 Kb6 44. Ra8 Rh3 45. f4 Bh4 46. Rh8
Bg3 47. Rb8+ Kc7 48. Rf8 Rh4 49. Rxf6 Kb6 50. Nc5 1-0

[Event "77 España ch 2012"]
[Site "Maspalomas ESP"]
[Date "2012.10.04"]
[Round "6.30"]
[White "Alvarez Pedrosa, Valeriano"]
[Black "Navarro Molina, David"]
[Result "0-1"]
[WhiteElo "1947"]
[BlackElo "2122"]
[PlyCount "116"]
[EventDate "2012.09.29"]
[EventType "swiss"]
[EventRounds "9"]
[EventCountry "ESP"]
[Source "lmi"]
[SourceDate "2012.09.29"]

1. e4 c5 2. Nc3 Nc6 3. f4 g6 4. Nf3 Bg7 5. Bc4 e6 6. d3 Nge7 7. O-O O-O 8. f5
exf5 9. Bg5 h6 10. Bh4 Qa5 11. Qd2 d6 12. Nd5 Qxd2 13. Nxe7+ Nxe7 14. Nxd2 g5
15. Bf2 Bxb2 16. Rab1 Bc3 17. Nf3 b6 18. Be1 Bxe1 19. Rbxe1 fxe4 20. dxe4 Be6
21. Nd2 Kg7 22. Rf3 Nc6 23. Rg3 Ne5 24. Bd5 Rae8 25. h4 Kg6 26. hxg5 hxg5 27.
c4 Re7 28. Nf3 Nxf3+ 29. gxf3 Bxd5 30. cxd5 Rfe8 31. Re2 Re5 32. Reg2 b5 33.
Rh2 f5 34. f4 Rxe4 35. Rxg5+ Kf6 36. Rh6+ Ke7 37. Rg7+ Kf8 38. Rxa7 R8e7 39.
Ra8+ Kf7 40. Rxd6 Rxf4 41. Raa6 b4 42. Rf6+ Kg8 43. Rg6+ Rg7 44. Rxg7+ Kxg7 45.
Rc6 c4 46. Kg2 c3 47. Kg3 Rd4 48. Rc5 Kf6 49. d6 Ke6 50. Kf3 Kxd6 51. Rc8 f4
52. Ke2 Kd5 53. a4 bxa3 54. Rxc3 Ra4 55. Rc1 a2 56. Ra1 Kc4 57. Kd2 Kb3 58. Kc1
Rd4 0-1

[Event "77 España ch 2012"]
[Site "Maspalomas ESP"]
[Date "2012.10.04"]
[Round "6.31"]
[White "Rodriguez Melian, Jose Luis"]
[Black "Sanchez Montesdeoca, Isaac"]
[Result "0-1"]
[WhiteElo "2088"]
[BlackElo "1771"]
[PlyCount "158"]
[EventDate "2012.09.29"]
[EventType "swiss"]
[EventRounds "9"]
[EventCountry "ESP"]
[Source "lmi"]
[SourceDate "2012.09.29"]

1. d4 Nf6 2. Nf3 e6 3. g3 b6 4. Bg2 Bb7 5. O-O c5 6. c3 Nc6 7. Bf4 Rc8 8. dxc5
bxc5 9. Qb3 Qb6 10. Ne5 d5 11. Na3 Nxe5 12. Bxe5 Nd7 13. Bf4 Qxb3 14. axb3 e5
15. Be3 Bc6 16. Rac1 Be7 17. b4 O-O 18. Rfd1 e4 19. b5 Ba8 20. Bxe4 Nf6 21. Bf5
Rcd8 22. Bf4 g6 23. Bh3 Bd6 24. Bxd6 Rxd6 25. Nc4 Rdd8 26. Na3 Rfe8 27. e3 h5
28. Bg2 h4 29. Rd2 hxg3 30. hxg3 Kg7 31. Rcd1 Rc8 32. b3 Ne4 33. Bxe4 Rxe4 34.
Nc2 Re5 35. f4 Re7 36. Rh2 Rce8 37. Ra1 Re4 38. Kf2 d4 39. cxd4 cxd4 40. Nxd4
Rxe3 41. Rh4 Rd3 42. f5 Be4 43. Ne6+ fxe6 44. f6+ Kxf6 45. Rxe4 Rxb3 46. Ra5 g5
47. Re2 Re7 48. Kg2 Rd3 49. Rf2+ Kg6 50. Rfa2 Red7 51. Re2 R3d6 52. Rea2 Rb7
53. g4 Rc7 54. R2a4 Rdd7 55. Kf3 Rf7+ 56. Ke4 Rf4+ 57. Ke5 Rxa4 58. Rxa4 Rc5+
59. Kxe6 Rxb5 60. Rxa7 Rb4 61. Ra8 Re4+ 62. Kd5 Rxg4 63. Ke5 Rf4 64. Rh8 Rf1
65. Ke4 g4 66. Ke3 Kg5 67. Rg8+ Kh4 68. Rh8+ Kg3 69. Rg8 Kh3 70. Rh8+ Kg2 71.
Rg8 g3 72. Ke2 Rf5 73. Ke3 Rf3+ 74. Ke2 Rf6 75. Ke1 Re6+ 76. Kd2 Re5 77. Rg7
Kf3 78. Kd1 g2 79. Kd2 Re4 0-1

[Event "77 España ch 2012"]
[Site "Maspalomas ESP"]
[Date "2012.10.04"]
[Round "6.32"]
[White "Rossello Padron, Carlos"]
[Black "Rodriguez Garcia, Antonio Jose"]
[Result "1-0"]
[WhiteElo "1882"]
[BlackElo "2087"]
[PlyCount "75"]
[EventDate "2012.09.29"]
[EventType "swiss"]
[EventRounds "9"]
[EventCountry "ESP"]
[Source "lmi"]
[SourceDate "2012.09.29"]

1. b3 d5 2. Bb2 e6 3. e3 f5 4. f4 Nf6 5. Nf3 Bd6 6. Nc3 O-O 7. g3 Bd7 8. Bg2
Be8 9. O-O Bh5 10. Nb5 Be7 11. Nbd4 Qc8 12. Qe1 c5 13. Ne2 Nc6 14. d3 Ng4 15.
Qd2 Rd8 16. h3 Nf6 17. Ne5 Be8 18. a4 d4 19. Nxc6 Bxc6 20. exd4 cxd4 21. Bxd4
Rxd4 22. Nxd4 Bc5 23. c3 Qd7 24. Bxc6 bxc6 25. Kh2 Bxd4 26. cxd4 Qxd4 27. Rae1
Rd8 28. Rf3 Qd5 29. Qe2 Kf7 30. d4 Ne4 31. Rd1 c5 32. Rfd3 c4 33. bxc4 Qxc4 34.
a5 Rxd4 35. Qh5+ Kf6 36. Rxd4 Qc2+ 37. R1d2 Nxd2 38. Qg5+ 1-0

[Event "77 España ch 2012"]
[Site "Maspalomas ESP"]
[Date "2012.10.04"]
[Round "6.33"]
[White "Guerrero Ruiz, Jose Luis"]
[Black "Morales Quintero, Jose Miguel"]
[Result "1-0"]
[WhiteElo "1720"]
[BlackElo "2012"]
[PlyCount "87"]
[EventDate "2012.09.29"]
[EventType "swiss"]
[EventRounds "9"]
[EventCountry "ESP"]
[Source "lmi"]
[SourceDate "2012.09.29"]

1. d4 Nf6 2. e3 e6 3. Bd3 c5 4. c4 g6 5. dxc5 Na6 6. Nc3 Nxc5 7. Bc2 Bg7 8. Qd6
Qe7 9. Nb5 Na6 10. Qxe7+ Kxe7 11. b3 d5 12. Ba3+ Kd7 13. Rd1 Bf8 14. Bb2 Be7
15. cxd5 exd5 16. Bxf6 Bxf6 17. Rxd5+ Kc6 18. Rd6+ Kxb5 19. Rxf6 Nb4 20. Be4
Be6 21. a3 Na2 22. Nf3 Bxb3 23. Nd4+ Kc4 24. Rxf7 Ba4 25. Rc7+ Bc6 26. Nxc6
bxc6 27. Rxc6+ Kb5 28. Kd2 Rac8 29. Rb1+ Ka5 30. Rxc8 Rxc8 31. Rb7 a6 32. Rxh7
Nc3 33. Bxg6 Nb5 34. Bf5 Rd8+ 35. Rd7 Rf8 36. Rd5 Ka4 37. e4 Nxa3 38. g4 Kb4
39. g5 a5 40. g6 a4 41. Rd4+ Kb3 42. Be6+ Kb2 43. Rb4+ Ka1 44. Ke2 1-0

[Event "77 España ch 2012"]
[Site "Maspalomas ESP"]
[Date "2012.10.04"]
[Round "6.34"]
[White "Arnaiz Yanes, Miguel Angel"]
[Black "Monzon Aleman, Ayoze"]
[Result "1-0"]
[WhiteElo "2004"]
[BlackElo "1727"]
[PlyCount "55"]
[EventDate "2012.09.29"]
[EventType "swiss"]
[EventRounds "9"]
[EventCountry "ESP"]
[Source "lmi"]
[SourceDate "2012.09.29"]

1. d4 d5 2. Nf3 Nf6 3. Bg5 h6 4. Bh4 Bf5 5. e3 e6 6. Bd3 Bxd3 7. Qxd3 Be7 8.
Qb5+ Nbd7 9. Qxb7 Rb8 10. Qxa7 Qc8 11. Bg3 Rxb2 12. O-O Ne4 13. Rc1 Nxg3 14.
hxg3 Nb6 15. Nbd2 Rb4 16. a4 O-O 17. Ne5 Bd6 18. Nd3 Rc4 19. Nxc4 Nxc4 20. Nc5
e5 21. Qb7 Bxc5 22. Qxc8 Rxc8 23. dxc5 c6 24. a5 Ra8 25. a6 Nd2 26. a7 f5 27.
Rd1 Ne4 28. Rdb1 1-0

[Event "77 España ch 2012"]
[Site "Maspalomas ESP"]
[Date "2012.10.04"]
[Round "6.35"]
[White "Moya Mallafre, Erik"]
[Black "Santana Montjoy, Javier"]
[Result "1-0"]
[WhiteElo "1988"]
[BlackElo "1704"]
[PlyCount "75"]
[EventDate "2012.09.29"]
[EventType "swiss"]
[EventRounds "9"]
[EventCountry "ESP"]
[Source "lmi"]
[SourceDate "2012.09.29"]

1. Nf3 c5 2. c4 d6 3. d4 cxd4 4. Nxd4 g6 5. e4 Bg7 6. Nc3 Nc6 7. Be3 Nf6 8. Be2
O-O 9. O-O Bd7 10. Qd2 Rc8 11. f3 a6 12. Rac1 Qc7 13. Nd5 Qd8 14. Nxc6 bxc6 15.
Bb6 Qe8 16. Nc7 Qd8 17. Qa5 Rb8 18. Rfd1 Nh5 19. b4 Nf4 20. Bf1 Be5 21. c5 Qc8
22. Bxa6 Qd8 23. Ne6 Qe8 24. Nc7 Qd8 25. Ne6 Qe8 26. Nxf8 Qxf8 27. cxd6 Qh6 28.
Qxe5 Rxb6 29. dxe7 Nh3+ 30. gxh3 Qe3+ 31. Kg2 Rxa6 32. Rc2 Ra3 33. e8=Q+ Bxe8
34. Qxe8+ Kg7 35. Qe5+ Kh6 36. Rf2 Rc3 37. h4 f5 38. Qf6 1-0

[Event "77 España ch 2012"]
[Site "Maspalomas ESP"]
[Date "2012.10.04"]
[Round "6.36"]
[White "Vega Gutierrez, Belinda"]
[Black "Sanchez Ramirez, Gustavo"]
[Result "1-0"]
[WhiteElo "2206"]
[BlackElo "1591"]
[PlyCount "98"]
[EventDate "2012.09.29"]
[EventType "swiss"]
[EventRounds "9"]
[EventCountry "ESP"]
[Source "lmi"]
[SourceDate "2012.09.29"]

1. e4 c5 2. Nf3 Nc6 3. Nc3 e5 4. Bc4 d6 5. h3 Be7 6. d3 h6 7. O-O Nf6 8. a3 O-O
9. Rb1 Be6 10. Nd5 Nd4 11. b4 Bxd5 12. exd5 b6 13. Nh2 e4 14. c3 Nf5 15. dxe4
Nh4 16. Re1 cxb4 17. cxb4 Rc8 18. Bb3 Nd7 19. f4 Rc3 20. Be3 b5 21. Rc1 Rxc1
22. Qxc1 a6 23. Qc6 Nb8 24. Qc3 Re8 25. Bd4 Bf8 26. g3 Ng6 27. Nf3 Qc8 28. Qxc8
Rxc8 29. e5 Ne7 30. Kf2 dxe5 31. fxe5 Rd8 32. d6 Nec6 33. Bb6 Re8 34. e6 fxe6
35. Bxe6+ Kh8 36. d7 Re7 37. d8=Q Nxd8 38. Bxd8 Re8 39. Bc7 Nc6 40. Bd7 Rxe1
41. Kxe1 Nxb4 42. axb4 Bxb4+ 43. Ke2 a5 44. Bxb5 Kg8 45. Ne5 g5 46. Nc6 h5 47.
Nxb4 axb4 48. Bd6 g4 49. hxg4 hxg4 1-0

[Event "77 España ch 2012"]
[Site "Maspalomas ESP"]
[Date "2012.10.04"]
[Round "6.37"]
[White "Trujillo Alvarado, Ivan"]
[Black "Aleman Alamo, Nicolas"]
[Result "1-0"]
[WhiteElo "2151"]
[BlackElo "1549"]
[PlyCount "59"]
[EventDate "2012.09.29"]
[EventType "swiss"]
[EventRounds "9"]
[EventCountry "ESP"]
[Source "lmi"]
[SourceDate "2012.09.29"]

1. d4 e6 2. Nf3 Nf6 3. g3 Be7 4. Bg2 d5 5. O-O O-O 6. b3 Nbd7 7. Bb2 Re8 8. c4
c5 9. Nc3 Rb8 10. Qc2 cxd4 11. Nxd4 Nf8 12. Rad1 Bd7 13. Ndb5 Bxb5 14. Nxb5 a6
15. Nd4 Qb6 16. e4 N6d7 17. h3 Rbc8 18. Kh2 Qc7 19. Qe2 Qd8 20. f4 Qc7 21. Rd2
Nb8 22. Rfd1 e5 23. Nf5 Rcd8 24. Qg4 Ng6 25. h4 Bf8 26. h5 Ne7 27. Nh6+ Kh8 28.
Nxf7+ Kg8 29. Nxd8 Rxd8 30. Bxe5 1-0